000 00897cam a2200229 4500
001 J128963
008 050307n1921 000 0 eng u
035 _a(Sirsi) u128963
041 _aeng
050 _a720
_c18
100 _aGodfrey, Walter H.
245 _aSurvey of London volume seven
_bthe parish of Chelsea (part three)
260 _aLondon
_bBatsford
_c1921
300 _axv, 91p.
_bill.
_c30cm.
490 _aSurvey of London Main Series
_v7
520 _aThis volume of the "Survey of London", English Heritage's detailed architectural and topographical study, describes Chelsea Old Church. Includes photographs and maps together with plans, sections and elevations of selected buildings.
590 _aSOL
690 _aBUILT ENVIRONMENT-CONSTRUCTION DESIGN
700 _aBird, James
_cSir
_d1863-1925
_xGeneral Editor
700 _aNorman, Philip
_xGeneral Editor
942 _n0
999 _c104051
_d104051